Movies of 1993 Quiz Stats

 Plays Quiz Updated Apr 30, 2018

Score 0/16 Timer 06:00
5 Plays Today
Picture Movie % Correct
Free Willy
94%
Mrs. Doubtfire
93%
Groundhog Day
87.2%
The Nightmare Before Christmas
85.9%
Jurassic Park
80.6%
Robin Hood: Men in Tights
76.1%
The Sandlot
66.9%
Schindler's List
64%
Picture Movie % Correct
Philadelphia
61.8%
The Fugitive
59.5%
Super Mario Bros.
59.3%
Sleepless in Seattle
58.8%
What's Eating Gilbert Grape
58.1%
Homeward Bound: The Incredible Journey
57.6%
Cliffhanger
46.6%
Carlito's Way
18.3%

You're not logged in!

Compare scores with friends on all Sporcle quizzes.
OR
Log In

Sporcle TV

Today on Sporcle TV


Watch our educational content, quiz creation guides, and fun videos on Sporcle TV.

Show Comments

Extras

Top Quizzes Today


Score Distribution

Your Account Isn't Verified!

In order to create a playlist on Sporcle, you need to verify the email address you used during registration. Go to your Sporcle Settings to finish the process.

Report this User

Report this user for behavior that violates our Community Guidelines.

Details: